Normal view
MARC view
- LARNER , Jeremy
Entry Personal Name
001 - CONTROL NUMBER
- control field: 134029
003 - CONTROL NUMBER IDENTIFIER
- control field: NUST
005 - DATE AND TIME OF LATEST TRANSACTION
- control field: 20260409163312.0
008 - FIXED-LENGTH DATA ELEMENTS
- fixed length control field: 260409|| aca||aabn | a|a d
040 ## - CATALOGING SOURCE
- Original cataloging agency: NUST
- Transcribing agency: NUST
100 ## - HEADING--PERSONAL NAME
- Personal name: LARNER , Jeremy
670 ## - SOURCE DATA FOUND
- Source citation: Work cat.: (NUST): LARNER , Jeremy., Nobody Knows: Reflections on the McCarthy Campaign of 1968 /, 1969.
